Biological relatives : IVF, stem cells and the future of kinship
Αποθηκεύτηκε σε:
| Κύριος συγγραφέας: | |
|---|---|
| Μορφή: | Βιβλίο |
| Γλώσσα: | English |
| Δημοσίευση: |
Durham :
Duke University Press,
c2013.
|
| Σειρά: | Experimental futures
|
| Θέματα: | |
| Ετικέτες: |
Προσθήκη ετικέτας
Δεν υπάρχουν, Καταχωρήστε ετικέτα πρώτοι!
|
MARC
| LEADER | 00000cam a2200000 a 4500 | ||
|---|---|---|---|
| 001 | 1/106588 | ||
| 008 | 150528s2013####ncu|||||||||||||| ||eng|| | ||
| 020 | |a 9780822354994 | ||
| 040 | |a GR-MyUa |b gre |c GR-MyUa |e AACR2 | ||
| 041 | 0 | |a eng | |
| 082 | 7 | |a 176.2 |2 (23) | |
| 100 | 1 | |a Franklin, Sarah, |d 1960- | |
| 245 | 1 | 0 | |a Biological relatives : |b IVF, stem cells and the future of kinship / |c Sarah Franklin. |
| 260 | |a Durham : |b Duke University Press, |c c2013. | ||
| 300 | |a 364 σ. : |b εικ. ; |c 24 εκ. | ||
| 490 | 1 | |a (Experimental futures) | |
| 504 | |a Περιέχει βιβλιογραφικές αναφορές και ευρετήριο. | ||
| 650 | 0 | |a Fetrilizationin vitro, Human |x Social aspects. | |
| 650 | 0 | |a Kinship |x Philosophy. | |
| 650 | 0 | |a Feminist anthropology. | |
| 650 | 0 | |a Experimental futures. | |
| 830 | 0 | |a Experimental futures | |
| 852 | |a INST |b LESVOS |e 20150528 |h 176.2 FRA |p 005100056845 |q 005100056845 |t BK |y 0 | ||
| 970 | |a Καμάτσου |b Δέσποινα |z 28-05-2015 | ||